| 000 | 00603nam a2200217Ia 4500 | ||
|---|---|---|---|
| 001 | 8443 | ||
| 003 | GE_BSU | ||
| 008 | 181216s||||||||xx |||||||||||||| ||und|| | ||
| 040 | _cGE_BSU | ||
| 080 | _a821.353.1-11 | ||
| 100 | _aეული, სანდრო | ||
| 245 | _aფოლადის პოეტი | ||
| 245 | _b(პოემა) | ||
| 260 | _aტფილისი. | ||
| 260 | _bსახელგამის გამ–ბა. | ||
| 260 | _c1934 | ||
| 300 | _a58 გვ; 22 სმ. | ||
| 653 | _aპოემა | ||
| 653 | _aფოლადის პოეტი | ||
| 942 | _cBK | ||
| 999 |
_c41762 _d41762 |
||